Trash TV Grundwissen - Statistiken

Allgemein
  • Dieses Quiz wurde 89 mal gespielt
  • Das Durchschnittsergebnis liegt bei 7 aus 13
Antwortstatistiken
Hint Antwort % Korrekt
Was ruft ein Kandidat, wenn er eine Prüfung im Dschungel abbrechen will? Ich bin ein Star – Holt mich hier raus!
85%
Welche Show wird traditionell von Sonja Zietlow moderiert? Das Dschungelcamp
84%
Wie viele Paare machen bei Prominennt Getrennt mit? 8
78%
Wie viele Paare machen bei Temptation Island mit? 4
77%
Wie heißt die Challenge, in der Sterne im Dschungel gesammelt werden? Dschungelprüfung
70%
Wie heißt das Format, in dem Promis ihre Ex-Partner treffen müssen? Ex on the Beach
66%
Welches Format ist bekannt für das legendäre „Lagerfeuer“? Temptation Island
61%
Welche Show ist berühmt für die „Matching Night“? Are You The One?
54%
Wie nennt man die Singles, die die Paare bei Temptation Island testen sollen? Verführer und Verführerinnen
54%
Wo treffen die Singles bei Ex on the Beach auf ihre Ex-Partner? Am Strand
53%
Wie heißt die Entscheidung, bei der Paare des Sommerhaus rausgewählt werden? Die Nominierung
15%
Wie heißt das Haus, in dem die Germany Shore Kandidaten feiern und wohnen? Die Shore‑Villa
9%
Wie nennt man das Date, das ein Perfect Match bei Ayto gemeinsam bekommt? Dream Date
8%
Keine übereinstimmenden Quizze gefunden
Verteilung der Resultate
Anzahl Personen mit jedem Resultat
Perzentil nach korrekt beantworteten Fragen
Ihre Resultats-Entwicklung
Sie haben dieses Quiz noch nicht gespielt